The Kite Runner (Record no. 369851)

MARC details
000 -LEADER
fixed length control field 00419nam a2200181 4500
005 - DATE AND TIME OF LATEST TRANSACTION
control field 20260203113130.0
008 - FIXED-LENGTH DATA ELEMENTS--GENERAL INFORMATION
fixed length control field 260112b |||||||| |||| 00| 0 eng d
020 ## - INTERNATIONAL STANDARD BOOK NUMBER
International Standard Book Number 9781408850251
041 ## - LANGUAGE CODE
Language code of text/sound track or separate title English
082 ## - DEWEY DECIMAL CLASSIFICATION NUMBER
Classification number 823
Item number HAS
100 ## - MAIN ENTRY--PERSONAL NAME
Author Hosseini Khaled
245 ## - TITLE STATEMENT
Title The Kite Runner
260 ## - PUBLICATION, DISTRIBUTION, ETC.
Place of publication, distribution, etc. New Delhi
Name of publisher, distributor, etc. Bloomsbury
Date of publication, distribution, etc. 2013
300 ## - PHYSICAL DESCRIPTION
Extent 343
365 ## - TRADE PRICE
Price amount 599.00
Currency code Rs.00
650 ## - SUBJECT ADDED ENTRY--TOPICAL TERM
Topical term or geographic name entry element Fiction
942 ## - ADDED ENTRY ELEMENTS (KOHA)
Koha item type Donated Book
Holdings
Withdrawn status Lost status Source of classification or shelving scheme Damaged status Not for loan Home library Current library Date acquired Vendor Net Price Total Checkouts Full call number Barcode Date last seen Date last checked out Bill Date Koha item type
    Dewey Decimal Classification     School of Fashion Technology School of Fashion Technology 09/01/2026 Complimentary Received by Pune Book Festival 2025 599.00 2 823 HAS SOFT-BK-D324 24/02/2026 17/02/2026 12/01/2026 Donated Book